| 000 | 03559cam a22004577a 4500 | ||
|---|---|---|---|
| 001 | 8565254 | ||
| 003 | OSt | ||
| 005 | 20220110153405.0 | ||
| 006 | m d | ||
| 007 | cr n | ||
| 008 | 091119s2011 enka sb 001 0 eng d | ||
| 015 |
_aGBB056381 _2bnb |
||
| 016 | 7 |
_a015541788 _2Uk |
|
| 020 | _a9781848829343 (hbk.) | ||
| 035 | _a(WaSeSS)ssj0000446373 | ||
| 038 | _aKhadija | ||
| 040 |
_aUKM _cUKM _dBTCTA _dYDXCP _dHEBIS _dCDX _dOIP _dMUU _dWRM _dWEA _dWSL _dDLC _dWaSeSS |
||
| 042 | _alccopycat | ||
| 050 | 4 |
_aTA1634 _b.S97 2011 |
|
| 050 | 4 | _aTA1634 | |
| 082 | 0 | 4 |
_a006.37 _222 _bSZE |
| 100 | 1 |
_aSzeliski, Richard, _d1958- _987712 |
|
| 210 | 1 | 0 | _aComputer Vision / |
| 245 | 1 | 0 |
_aComputer vision : _balgorithms and applications / _cRichard Szeliski. |
| 260 |
_aLondon ; _aNew York : _bSpringer, _cc2011. |
||
| 490 | 1 | _aTexts in computer science | |
| 504 | _aIncludes bibliographical references (p. [691]-792) and index. | ||
| 505 | 0 | 0 |
_tIntroduction. _tWhat is computer vision? ; _tA brief history ; _tBook overview ; _tSample syllabus ; _tNotation -- _tImage formation. _tGeometric primitives and transformations ; _tPhotometric image formation ; _tThe digital camera -- _tImage processing. _tPoint operators ; _tLinear filtering ; _tMore neighborhood operators ; _tFourier transforms ; _tPyramids and wavelets ; _tGeometric transformations ; _tGlobal optimization -- _tFeature detection and matching. _tPoints and patches ; _tEdges ; _tLines -- _tSegmentation. _tActive contours ; _tSplit and merge ; _tMean shift and mode finding ; _tNormalized cuts ; _tGraph cuts and energy-based methods -- _tFeature-based alignment. _t2D and 3D feature-based alignment ; _tPose estimation ; _tGeometric intrinsic calibration -- _tStructure from motion. _tTriangulation ; _tTwo-frame structure from motion ; _tFactorization ; _tBundle adjustment ; _tConstrained structure and motion -- _tDense motion estimation. _tTranslational alignment ; _tParametric motion ; _tSpline-based motion ; _tOptical flow ; _tLayered motion -- _tImage stitching. _tMotion models ; _tGlobal alignment ; _tCompositing -- _tComputational photography. _tPhotometric calibration ; _tHigh dynamic range imaging ; _tSuper-resolution and blur removal ; _tImage matting and compositing ; _tTexture analysis and synthesis -- _tStereo correspondence. _tEpipolar geometry ; _tSparse correspondence ; _tDense correspondence ; _tLocal methods ; _tGlobal optimization ; _tMulti-view stereo -- _t3D reconstruction. _tShape from X ; _tActive rangefinding ; _tSurface representations ; _tPoint-base representations ; _tVolumetric representations ; _tModel-based reconstruction ; _tRecovering texture maps and albedos -- _tImage-based rendering. _tView interpolation ; _tLayered depth images ; _tLight fields and Lumigraphs ; _tEnvironment mattes ; _tVideo-base rendering -- _tRecognition. _tObject detection ; _tFace recognition ; _tInstance recognition ; _tCategory recognition ; _tContext and scene understanding ; _tRecognition databases and test sets. |
| 506 | _aLicense restrictions may limit access. | ||
| 563 | _aHB | ||
| 650 | 0 |
_aComputer vision. _987713 |
|
| 650 | 0 |
_aImage processing. _987714 |
|
| 650 | 0 |
_aComputer algorithms. _987715 |
|
| 650 | 0 | 7 |
_aBildverarbeitung. _2swd _987716 |
| 650 | 0 | 7 |
_aMaschinelles Sehen. _2swd _987717 |
| 773 | 0 | _tSpringerLink ebooks - Computer Science (2011) | |
| 830 | 0 |
_aTexts in computer science. _987718 |
|
| 856 | 4 | 0 |
_uhttp://www.columbia.edu/cgi-bin/cul/resolve?clio8565254 _zFull text available from SpringerLink ebooks - Computer Science (2011) |
| 910 | _aLibrary of Congress record | ||
| 942 |
_2ddc _cBK |
||
| 999 |
_c32294 _d32294 |
||